[Event "SVK-chT2B 1819"]
[Site "Slovakia"]
[Date "2019.04.06"]
[Round "10.3"]
[White "Chrenko, Kristian"]
[Black "Kubica, Viktor"]
[Result "1-0"]
[WhiteElo "2000"]
[BlackElo "1944"]
[PlyCount "113"]
[EventDate "2018.10.13"]
[EventType "team-tourn"]
[EventRounds "11"]
[EventCountry "SVK"]
[SourceTitle "EXT 2020"]
[Source "ChessBase"]
[SourceDate "2019.10.17"]
[SourceVersion "1"]
[SourceVersionDate "2019.10.17"]
[SourceQuality "1"]
[WhiteTeam "Tlmace"]
[BlackTeam "Nove Zamky"]
[WhiteTeamCountry "SVK"]
[BlackTeamCountry "SVK"]

1. d4 Nf6 2. Bf4 d5 3. e3 c5 4. c3 Qb6 5. Qb3 e6 6. Nd2 Nc6 7. Ngf3 Be7 8. h3 0-0 9. Be2 Nd7 10. 0-0 Qxb3 11. axb3 f6 12. Rfd1 e5 13. dxe5 fxe5 14. Bg3 Bf6 15. e4 d4 16. Bb5 Re8 17. Nc4 a6 18. Nd6 Re7 19. Bxc6 bxc6 20. Nxc8 Rxc8 21. Rxa6 Rb8 22. cxd4 Rxb3 23. dxe5 Nxe5 24. Bxe5 Bxe5 25. Rxc6 h6 26. Rxc5 Bxb2 27. Rb1 Rb4 28. Rc2 Ba3 29. Rxb4 Bxb4 30. Re2 Kf7 31. Nd4 Bc3 32. Nb5 Be5 33. g3 g5 34. Ra2 Re6 35. Kg2 Rb6 36. Ra7+ Kg6 37. Nc7 Rb2 38. Ra6+ Kf7 39. Ne6 Rb4 40. Nd8+ Kg7 41. Kf3 Rb2 42. Ra7+ Kg6 43. Ra6+ Kg7 44. Ne6+ Kh7 45. Rc6 Ra2 46. Rc5 Bb8 47. Rf5 Kg6 48. Nf8+ Kg7 49. Kg4 Re2 50. f3 Bd6 51. Nd7 Rg2 52. e5 Be7 53. Nf6 Kg6 54. Nh5 Bd8 55. e6 Bc7 56. Rf6+ Kh7 57. Rf7+ 1-0

[Event "SVK-chT2B 1819"]
[Site "Slovakia"]
[Date "2019.03.02"]
[Round "8.4"]
[White "Orgon, Dusan"]
[Black "Kubica, Viktor"]
[Result "1/2-1/2"]
[WhiteElo "2016"]
[BlackElo "1946"]
[PlyCount "47"]
[EventDate "2018.10.13"]
[EventType "team-tourn"]
[EventRounds "11"]
[EventCountry "SVK"]
[SourceTitle "CBM 189 Extra"]
[Source "ChessBase"]
[SourceDate "2019.06.03"]
[SourceVersion "1"]
[SourceVersionDate "2019.06.03"]
[SourceQuality "1"]
[WhiteTeam "Trencin"]
[BlackTeam "Nove Zamky"]
[WhiteTeamCountry "SVK"]
[BlackTeamCountry "SVK"]

1. e4 e6 2. d4 d5 3. Bd3 dxe4 4. Bxe4 Nf6 5. Bf3 c6 6. Ne2 Qc7 7. Bf4 Bd6 8. Qd2 Nbd7 9. Nbc3 Bxf4 10. Nxf4 e5 11. Nfe2 exd4 12. Nxd4 0-0 13. 0-0-0 Nc5 14. Qg5 Ne6 15. Qh4 Nxd4 16. Rxd4 Be6 17. Rhd1 a5 18. Kb1 b5 19. Rd6 Nd5 20. Nxd5 cxd5 21. Qg3 Bf5 22. Rd2 Rac8 23. Bd1 Be6 24. h4 1/2-1/2

[Event "SVK-chT2B 1718"]
[Site "Slovakia"]
[Date "2018.01.14"]
[Round "6.4"]
[White "Orgon, Dusan"]
[Black "Kubica, Viktor"]
[Result "1-0"]
[WhiteElo "2055"]
[BlackElo "1974"]
[PlyCount "97"]
[EventDate "2017.10.28"]
[EventType "team-tourn"]
[EventRounds "11"]
[EventCountry "SVK"]
[SourceTitle "EXT 2019"]
[Source "ChessBase"]
[SourceDate "2018.10.10"]
[SourceVersion "1"]
[SourceVersionDate "2018.10.10"]
[SourceQuality "1"]
[WhiteTeam "Trencin"]
[BlackTeam "Nove Zamky"]
[WhiteTeamCountry "SVK"]
[BlackTeamCountry "SVK"]

1. e4 e6 2. d3 d5 3. Nd2 Nf6 4. Ngf3 c5 5. c3 Nc6 6. g3 Be7 7. Bg2 0-0 8. 0-0 b6 9. Re1 Qc7 10. Nf1 dxe4 11. dxe4 e5 12. Bg5 Be6 13. Qe2 Rfd8 14. Bxf6 Bxf6 15. Ne3 Rd7 16. b3 Rad8 17. Rad1 Be7 18. Rxd7 Rxd7 19. Rd1 f6 20. Ne1 Rxd1 21. Qxd1 b5 22. Nd5 Qa5 23. a4 b4 24. Nxe7+ Nxe7 25. Qd6 Kf7 26. c4 Nc8 27. Qd1 Qc7 28. Qh5+ Kf8 29. Qxh7 Qd6 30. Qh8+ Kf7 31. Qh5+ Kf8 32. Qe2 Ne7 33. Qd3 Qd4 34. Qxd4 cxd4 35. Nd3 a5 36. f4 exf4 37. gxf4 Bg4 38. Kf2 Bd1 39. Nc5 Ng6 40. Bf3 Bxf3 41. Kxf3 Ke7 42. Kg4 Kd6 43. Nd3 Ne7 44. h4 Nc6 45. Kf3 Ke6 46. h5 Ne7 47. Ne1 Kd6 48. Ke2 Nc6 49. Nf3 1-0

[Event "SVK-chT2B 1718"]
[Site "Slovakia"]
[Date "2018.01.13"]
[Round "5.4"]
[White "Kubica, Viktor"]
[Black "Nagy, Attila2222"]
[Result "1-0"]
[WhiteElo "1974"]
[BlackElo "2058"]
[PlyCount "61"]
[EventDate "2017.10.28"]
[EventType "team-tourn"]
[EventRounds "11"]
[EventCountry "SVK"]
[SourceTitle "EXT 2019"]
[Source "ChessBase"]
[SourceDate "2018.10.10"]
[SourceVersion "1"]
[SourceVersionDate "2018.10.10"]
[SourceQuality "1"]
[WhiteTeam "Nove Zamky"]
[BlackTeam "Sala Slovan Duslo"]
[WhiteTeamCountry "SVK"]
[BlackTeamCountry "SVK"]

1. d4 Nf6 2. c4 c5 3. Nf3 cxd4 4. Nxd4 Nc6 5. Nc3 g6 6. e4 d6 7. Be2 Bg7 8. Be3 0-0 9. 0-0 Bd7 10. Qd2 Ng4 11. Bxg4 Bxg4 12. Nd5 Rc8 13. h3 Bd7 14. b3 e6 15. Nc3 Qa5 16. Rfd1 a6 17. Rac1 Rfd8 18. Nde2 b5 19. cxb5 axb5 20. Bg5 f6 21. Bf4 Be8 22. Qb2 b4 23. Na4 f5 24. Qb1 e5 25. Bg5 Rd7 26. exf5 Rf7 27. fxg6 hxg6 28. Rxd6 e4 29. Rc5 Qa6 30. Qxe4 Nd4 31. Rxa6 1-0

[Event "SVK-chT2B 1718"]
[Site "Slovakia"]
[Date "2017.11.25"]
[Round "3.6"]
[White "Batora, Matej"]
[Black "Kubica, Viktor"]
[Result "0-1"]
[WhiteElo "1943"]
[BlackElo "1965"]
[PlyCount "64"]
[EventDate "2017.10.28"]
[EventType "team-tourn"]
[EventRounds "11"]
[EventCountry "SVK"]
[SourceTitle "CBM 181 Extra"]
[Source "ChessBase"]
[SourceDate "2017.12.12"]
[SourceVersion "1"]
[SourceVersionDate "2017.12.12"]
[SourceQuality "1"]
[WhiteTeam "Tlmace"]
[BlackTeam "Nove Zamky"]
[WhiteTeamCountry "SVK"]
[BlackTeamCountry "SVK"]

1. e4 e6 2. d4 d5 3. Nd2 c5 4. exd5 Qxd5 5. dxc5 Qxc5 6. Ngf3 Nc6 7. Nb3 Qb6 8. Be3 Qc7 9. Bd3 Nf6 10. 0-0 Be7 11. Nfd4 0-0 12. Nxc6 Qxc6 13. Nd4 Qd7 14. Qf3 a6 15. Rfd1 Qd5 16. Qg3 Ne4 17. Qf4 Nc5 18. Qg3 Nxd3 19. Rxd3 b5 20. c3 Bb7 21. Rd2 Rad8 22. Nf3 Qe4 23. Bd4 Qg6 24. Qh3 Bf6 25. Bxf6 Qxf6 26. Rad1 Rxd2 27. Rxd2 Rd8 28. Qg3 Rxd2 29. Nxd2 Qd8 30. h3 h6 31. Nb3 Qd5 32. Nc5 Qxc5 0-1

[Event "SVK-chT2B 1718"]
[Site "Slovakia"]
[Date "2017.10.28"]
[Round "1.5"]
[White "Banszegi, Attila"]
[Black "Kubica, Viktor"]
[Result "0-1"]
[WhiteElo "2062"]
[BlackElo "1965"]
[PlyCount "112"]
[EventDate "2017.10.28"]
[EventType "team-tourn"]
[EventRounds "11"]
[EventCountry "SVK"]
[SourceTitle "CBM 181 Extra"]
[Source "ChessBase"]
[SourceDate "2017.12.12"]
[SourceVersion "1"]
[SourceVersionDate "2017.12.12"]
[SourceQuality "1"]
[WhiteTeam "Batorove Kosihy"]
[BlackTeam "Nove Zamky"]
[WhiteTeamCountry "SVK"]
[BlackTeamCountry "SVK"]

1. e4 e6 2. d4 d5 3. Nc3 Nf6 4. Bg5 dxe4 5. Nxe4 Be7 6. Bxf6 gxf6 7. Nf3 f5 8. Ng3 a6 9. Qd2 c5 10. 0-0-0 cxd4 11. Nh5 Bf6 12. Qh6 Nd7 13. h4 e5 14. Bc4 Qb6 15. Rhe1 e4 16. Nd2 Be5 17. Ng7+ Bxg7 18. Qxg7 Qf6 19. Qg3 Kf8 20. Nxe4 fxe4 21. Rxe4 Rg8 22. Qa3+ Kg7 23. Rdxd4 Kh8 24. Rd6 Qg7 25. Bf1 Nf6 26. Re3 Be6 27. Kb1 Rad8 28. Red3 Rxd6 29. Qxd6 Rc8 30. Rg3 Ne4 31. Rxg7 Nxd6 32. Rg3 Ne4 33. Rd3 Nxf2 34. Rd4 Bf5 35. Bc4 Ng4 36. Bb3 Ne3 37. Rf4 Bxc2+ 38. Bxc2 Rxc2 39. Rxf7 Rxg2 40. a3 b5 41. h5 Nc4 42. Ra7 Rxb2+ 43. Kc1 Rh2 44. Rxa6 Rxh5 45. Kc2 Rh2+ 46. Kc3 Nxa3 47. Kb4 Rh3 48. Ra7 h5 49. Kc5 h4 50. Kd5 Rg3 51. Ke4 b4 52. Kf4 Rg7 53. Ra8+ Kh7 54. Ra5 Kh6 55. Ra6+ Rg6 56. Ra8 Rb6 0-1

[Event "SVK-chT2B 1617"]
[Site "Slovakia"]
[Date "2016.10.09"]
[Round "2.3"]
[White "Dlhy, Jozef"]
[Black "Kubica, Viktor"]
[Result "1/2-1/2"]
[WhiteElo "2041"]
[BlackElo "1979"]
[PlyCount "120"]
[EventDate "2016.10.08"]
[EventType "team-tourn"]
[EventRounds "11"]
[EventCountry "SVK"]
[SourceTitle "CBM 175 Extra"]
[Source "ChessBase"]
[SourceDate "2016.12.12"]
[SourceVersion "1"]
[SourceVersionDate "2016.12.12"]
[SourceQuality "1"]
[WhiteTeam "Tlmace"]
[BlackTeam "Nove Zamky"]
[WhiteTeamCountry "SVK"]
[BlackTeamCountry "SVK"]

1. d4 d5 2. Nf3 Nf6 3. c4 e6 4. Nc3 Be7 5. Bg5 Ne4 6. Bxe7 Qxe7 7. cxd5 Nxc3 8. bxc3 exd5 9. e3 Nd7 10. Qb3 c6 11. a4 0-0 12. Bd3 f5 13. 0-0 Nf6 14. Ne5 Ng4 15. f4 Nxe5 16. fxe5 Be6 17. a5 Qg5 18. Rf4 Rab8 19. Qa3 Qh5 20. Raf1 Rf7 21. Qc5 a6 22. Qb4 Rbf8 23. Qd6 Re8 24. g3 Qg5 25. Qb4 g6 26. Kh1 h5 27. Qb2 Ree7 28. Qf2 Rh7 29. h4 Qh6 30. Kh2 Ref7 31. Qc2 Qf8 32. Qb2 Qd8 33. Qb6 Qe7 34. Qb4 Qd8 35. R1f3 Kh8 36. Rf2 Kg8 37. R4f3 Kh8 38. Kg2 Rhg7 39. Kf1 Kg8 40. Ke1 Kh8 41. Kd2 Kh7 42. Kc1 Rc7 43. Qc5 Qc8 44. Kb1 Qd7 45. Ka2 Rg8 46. Rb2 Rg7 47. Ka1 Rc8 48. Kb1 Qe7 49. Qxe7 Rxe7 50. Rff2 Kg7 51. Ka2 Kf8 52. Rb6 Rb8 53. Ka3 Rf7 54. Kb4 Bc8 55. Kc5 Ke7 56. Bb1 Rg7 57. Bd3 Kd8 58. Rfb2 Be6 59. Rf2 Bc8 60. Rfb2 Re7 1/2-1/2

[Event "SVK-chT1W 1011"]
[Site "Slovakia"]
[Date "2011.03.20"]
[Round "9"]
[White "Kubica, Viktor"]
[Black "Pericka, Tomas"]
[Result "1-0"]
[WhiteElo "2015"]
[BlackElo "1966"]
[PlyCount "29"]
[EventDate "2010.11.06"]
[EventType "team-tourn"]
[EventRounds "11"]
[EventCountry "SVK"]
[SourceTitle "EXT 2012"]
[Source "ChessBase"]
[SourceDate "2011.11.24"]
[SourceVersion "1"]
[SourceVersionDate "2011.11.24"]
[SourceQuality "1"]
[WhiteTeam "Nove Zamky"]
[BlackTeam "Osuske"]
[WhiteTeamCountry "SVK"]
[BlackTeamCountry "SVK"]

1. e4 c5 2. Nf3 Nc6 3. d4 cxd4 4. Nxd4 g6 5. c4 Bg7 6. Be3 Nf6 7. Nc3 Ng4 8. Qxg4 Nxd4 9. Qd1 e5 10. Qd2 0-0 11. 0-0-0 d6 12. Kb1 Be6 13. Bh6 Rc8 14. h4 Qf6 15. Bg5 1-0

[Event "SVK-chT1W 1011"]
[Site "Slovakia"]
[Date "2011.02.13"]
[Round "7.8"]
[White "Kubica, Viktor"]
[Black "Zelovic, Marek"]
[Result "1/2-1/2"]
[WhiteElo "2015"]
[BlackElo "2032"]
[PlyCount "177"]
[EventDate "2010.11.06"]
[EventType "team-tourn"]
[EventRounds "11"]
[EventCountry "SVK"]
[SourceTitle "EXT 2012"]
[Source "ChessBase"]
[SourceDate "2011.11.24"]
[SourceVersion "1"]
[SourceVersionDate "2011.11.24"]
[SourceQuality "1"]
[WhiteTeam "Nove Zamky"]
[BlackTeam "Nitra"]
[WhiteTeamCountry "SVK"]
[BlackTeamCountry "SVK"]

1. b3 Nf6 2. Bb2 g6 3. c4 Bg7 4. Nf3 0-0 5. e3 c5 6. Qc2 d6 7. d4 Nc6 8. a3 e6 9. Be2 b6 10. 0-0 Bb7 11. Nbd2 Qc7 12. Rac1 Rfd8 13. Bc3 e5 14. dxe5 dxe5 15. Qb2 Re8 16. Rfd1 Qe7 17. Ng5 h6 18. Nge4 Nxe4 19. Nxe4 Rad8 20. Rxd8 Rxd8 21. Rd1 Rxd1+ 22. Bxd1 f5 23. Ng3 Nd8 24. Qd2 Ne6 25. Bf3 Bxf3 26. gxf3 Qd8 27. Qxd8+ Nxd8 28. Ne2 Ne6 29. Nc1 e4 30. Bxg7 Kxg7 31. fxe4 fxe4 32. Kg2 Kf6 33. f3 Kf5 34. f4 g5 35. fxg5 Nxg5 36. Ne2 Nf3 37. Kg3 Nd2 38. Nc1 Nf1+ 39. Kf2 Nxh2 40. b4 Ng4+ 41. Ke2 Ne5 42. bxc5 bxc5 43. Nb3 Nxc4 44. a4 a5 45. Nxc5 h5 46. Kf2 h4 47. Nb3 Kg4 48. Nc5 Nb2 49. Nxe4 Nxa4 50. Nd2 Nc5 51. Nc4 a4 52. Kg2 Nd3 53. Kh2 Nb2 54. Na3 Nd1 55. e4 Kf4 56. Kh3 Kxe4 57. Kxh4 Kd4 58. Kg3 Kc3 59. Kf3 Kb2 60. Nc4+ Kb3 61. Nd2+ Kc3 62. Ke2 Kc2 63. Nc4 Nb2 64. Na3+ Kb3 65. Nb1 Nc4 66. Kd3 Ne5+ 67. Kd2 Kb2 68. Nc3 a3 69. Na4+ Kb3 70. Nc3 Nc6 71. Kd3 Nb4+ 72. Kd2 Nd5 73. Ne2 Kb2 74. Nc1 Nb4 75. Kd1 Nc6 76. Kd2 Nb4 77. Kd1 Nd5 78. Kd2 Nb4 79. Kd1 Kc3 80. Ne2+ Kb2 81. Nc1 Na6 82. Kd2 Nc5 83. Kd1 Ne4 84. Nd3+ Kc3 85. Nc1 Nf2+ 86. Ke2 Kb2 87. Kd2 Kb1 88. Kc3 Ne4+ 89. Kb3 1/2-1/2

[Event "SVK-chT2B 10/11"]
[Site "Slovakia"]
[Date "2011.02.06"]
[Round "7.4"]
[White "Szaraz, Vojtech"]
[Black "Kubica, Viktor"]
[Result "0-1"]
[WhiteElo "1958"]
[BlackElo "2066"]
[PlyCount "76"]
[EventDate "2010.10.23"]
[EventType "team-tourn"]
[EventRounds "11"]
[EventCountry "SVK"]
[SourceTitle "EXT 2019"]
[Source "ChessBase"]
[SourceDate "2018.10.10"]
[SourceVersion "1"]
[SourceVersionDate "2018.10.10"]
[SourceQuality "1"]
[WhiteTeam "Batorove Kosihy"]
[BlackTeam "Nove Zamky Basta II"]
[WhiteTeamCountry "SVK"]
[BlackTeamCountry "SVK"]

1. e4 g6 2. d4 Bg7 3. c4 d6 4. Nc3 e5 5. Be3 exd4 6. Bxd4 Nf6 7. Nd5 Nc6 8. Nxf6+ Bxf6 9. Bxf6 Qxf6 10. Qd2 0-0 11. Ne2 Qe5 12. Nc3 f5 13. 0-0-0 fxe4 14. g3 Bg4 15. Re1 Bf3 16. Rg1 Rae8 17. Be2 Nd4 18. Bd3 Qc5 19. Nxe4 Bxe4 20. Bxe4 Rxe4 21. Rxe4 Nf3 22. Qd1 Nxg1 23. Qxg1 d5 24. Rh4 d4 25. Kb1 Qxc4 26. Qe1 Qd5 27. Qd2 c5 28. Qh6 Qh1+ 29. Kc2 Rxf2+ 30. Kb3 Qd5+ 31. Ka3 Rf7 32. Qd2 Rf6 33. b3 Ra6+ 34. Kb2 Re6 35. Rf4 d3 36. Rf2 b5 37. Kb1 c4 38. Qb4 Qh1+ 0-1

[Event "SVK-chT2B 10/11"]
[Site "Slovakia"]
[Date "2011.01.08"]
[Round "5.3"]
[White "Rybar, Peter"]
[Black "Kubica, Viktor"]
[Result "1/2-1/2"]
[WhiteElo "1892"]
[BlackElo "2066"]
[PlyCount "27"]
[EventDate "2010.10.23"]
[EventType "team-tourn"]
[EventRounds "11"]
[EventCountry "SVK"]
[SourceTitle "EXT 2019"]
[Source "ChessBase"]
[SourceDate "2018.10.10"]
[SourceVersion "1"]
[SourceVersionDate "2018.10.10"]
[SourceQuality "1"]
[WhiteTeam "Surany Lokomotiva"]
[BlackTeam "Nove Zamky Basta II"]
[WhiteTeamCountry "SVK"]
[BlackTeamCountry "SVK"]

1. d4 d5 2. c4 e6 3. Nc3 Nf6 4. Bg5 Be7 5. e3 0-0 6. Nf3 b6 7. Bxf6 Bxf6 8. cxd5 exd5 9. Rc1 Be6 10. Bd3 c5 11. 0-0 Nc6 12. h3 Rc8 13. Ba6 Rb8 14. a3 1/2-1/2

[Event "SVK-chT2B 10/11"]
[Site "Slovakia"]
[Date "2010.12.05"]
[Round "4.5"]
[White "Kubica, Viktor"]
[Black "Nikel, Rastislav"]
[Result "0-1"]
[WhiteElo "2066"]
[BlackElo "1980"]
[PlyCount "50"]
[EventDate "2010.10.23"]
[EventType "team-tourn"]
[EventRounds "11"]
[EventCountry "SVK"]
[SourceTitle "EXT 2019"]
[Source "ChessBase"]
[SourceDate "2018.10.10"]
[SourceVersion "1"]
[SourceVersionDate "2018.10.10"]
[SourceQuality "1"]
[WhiteTeam "Nove Zamky Basta II"]
[BlackTeam "Levice"]
[WhiteTeamCountry "SVK"]
[BlackTeamCountry "SLO"]

1. d4 f5 2. c4 g6 3. Nf3 Bg7 4. Nc3 d6 5. h4 h6 6. e4 c5 7. exf5 Bxf5 8. d5 e5 9. dxe6 Bxe6 10. Bd3 Ne7 11. Qe2 Bf7 12. Bf4 0-0 13. Qd2 d5 14. Ne5 dxc4 15. Nxc4 Nbc6 16. Rh3 Nf5 17. g4 Re8+ 18. Kf1 Nxh4 19. Nd6 Rf8 20. Nxf7 Rxf7 21. Bxh6 Ne5 22. Bg5 Nhf3 23. Bxd8 Nxd2+ 24. Ke2 Rxd8 25. Kxd2 c4 0-1

[Event "Brezova op"]
[Site "Brezova pod Bradlom"]
[Date "2010.08.22"]
[Round "1"]
[White "Kubica, Viktor"]
[Black "Galik, Martin"]
[Result "1-0"]
[WhiteElo "2066"]
[BlackElo "1373"]
[PlyCount "37"]
[EventDate "2010.08.22"]
[EventType "swiss"]
[EventRounds "9"]
[EventCountry "SVK"]
[SourceTitle "CBM 138 Extra"]
[Source "ChessBase"]
[SourceDate "2010.10.29"]
[SourceVersion "1"]
[SourceVersionDate "2010.10.29"]
[SourceQuality "1"]

1. d4 Nf6 2. c4 d5 3. e3 Bf5 4. Nc3 e6 5. Nf3 Bb4 6. Bd3 Bg6 7. 0-0 Bh5 8. Qa4+ Nc6 9. Ne5 Bxc3 10. bxc3 Qd6 11. Ba3 Qd8 12. Rab1 Qc8 13. Nxc6 Qd7 14. Rxb7 Bg6 15. Bxg6 fxg6 16. Qb5 Rf8 17. Rb8+ Rxb8 18. Qxb8+ Kf7 19. Qxf8# 1-0

[Event "SVK-chT2B 0910"]
[Site "Slovakia"]
[Date "2010.02.28"]
[Round "11"]
[White "Kubica, Viktor"]
[Black "Michalek, Michal"]
[Result "1/2-1/2"]
[WhiteElo "2099"]
[BlackElo "2143"]
[PlyCount "59"]
[EventDate "2009.10.10"]
[EventType "team"]
[EventRounds "11"]
[EventCountry "SVK"]
[SourceTitle "EXT 2011"]
[Source "ChessBase"]
[SourceDate "2010.11.26"]
[SourceVersion "1"]
[SourceVersionDate "2010.11.26"]
[SourceQuality "1"]
[WhiteTeam "Nove Zamky Basta II"]
[BlackTeam "Bystrica SKS"]
[WhiteTeamCountry "SVK"]
[BlackTeamCountry "SVK"]

1. d4 Nf6 2. c4 e6 3. Nf3 Bb4+ 4. Bd2 Qe7 5. e3 0-0 6. Bd3 Bxd2+ 7. Nbxd2 d6 8. Qc2 e5 9. 0-0 Bg4 10. dxe5 dxe5 11. Ne4 Nbd7 12. Nxf6+ Nxf6 13. Nd2 Rad8 14. Ne4 g6 15. h3 Bc8 16. Nxf6+ Qxf6 17. c5 c6 18. Rfd1 Be6 19. b4 Rd7 20. Bc4 Rfd8 21. Rxd7 Rxd7 22. Bxe6 Qxe6 23. Rd1 Rxd1+ 24. Qxd1 Qxa2 25. Qd7 Qb1+ 26. Kh2 Qxb4 27. Qe8+ Kg7 28. Qxe5+ Kg8 29. Qe8+ Kg7 30. Qe5+ 1/2-1/2

[Event "SVK-chT2B 0910"]
[Site "Slovakia"]
[Date "2010.01.10"]
[Round "7"]
[White "Edes, Zsofia"]
[Black "Kubica, Viktor"]
[Result "1/2-1/2"]
[WhiteElo "1954"]
[BlackElo "2099"]
[PlyCount "60"]
[EventDate "2009.10.10"]
[EventType "team"]
[EventRounds "11"]
[EventCountry "SVK"]
[SourceTitle "EXT 2011"]
[Source "ChessBase"]
[SourceDate "2010.11.26"]
[SourceVersion "1"]
[SourceVersionDate "2010.11.26"]
[SourceQuality "1"]
[WhiteTeam "Komarno"]
[BlackTeam "Nove Zamky Basta II"]
[WhiteTeamCountry "SVK"]
[BlackTeamCountry "SVK"]

1. d4 g6 2. c4 Bg7 3. Nc3 d6 4. e4 e5 5. d5 f5 6. exf5 Bxf5 7. g4 Bd7 8. h4 Nf6 9. Be2 c6 10. g5 Ng8 11. Ne4 Bf5 12. Bf3 Bxe4 13. Bxe4 Ne7 14. Qd3 cxd5 15. cxd5 Nd7 16. Be3 Qa5+ 17. Bd2 Qa4 18. b4 a5 19. a3 axb4 20. Bxb4 Qa6 21. Qh3 Qc4 22. f3 Nc5 23. Qg4 Nxe4 24. fxe4 Rf8 25. Ne2 Rf4 26. Nxf4 Qxe4+ 27. Kf2 exf4 28. Rhe1 Bd4+ 29. Kf1 Qh1+ 30. Ke2 Qe4+ 1/2-1/2

[Event "Brezova op"]
[Site "Brezova pod Bradlom"]
[Date "2009.08.28"]
[Round "8"]
[White "Kubica, Viktor"]
[Black "Orosi, Peter"]
[Result "1/2-1/2"]
[WhiteElo "2099"]
[BlackElo "1902"]
[PlyCount "54"]
[EventDate "2009.08.22"]
[EventType "swiss"]
[EventRounds "9"]
[EventCountry "SVK"]
[SourceTitle "CBM 132 Extra"]
[Source "ChessBase"]
[SourceDate "2009.11.03"]
[SourceVersion "1"]
[SourceVersionDate "2009.11.03"]
[SourceQuality "1"]

1. e4 d5 2. exd5 Qxd5 3. Nc3 Qd6 4. d4 Nf6 5. Nf3 a6 6. Bd3 Bg4 7. 0-0 Nc6 8. h3 Bh5 9. Ne4 Nxe4 10. Bxe4 e6 11. c3 Be7 12. Re1 Bg6 13. Qc2 Rd8 14. h4 0-0 15. Bg5 Bxe4 16. Qxe4 h6 17. Bf4 Qd7 18. Qe3 Bd6 19. Bxd6 cxd6 20. Nd2 e5 21. dxe5 dxe5 22. Ne4 f5 23. Nc5 Qe7 24. b4 Rf7 25. h5 Qh4 26. Nd3 e4 27. Nf4 Ne5 1/2-1/2

[Event "Brezova op"]
[Site "Brezova pod Bradlom"]
[Date "2009.08.23"]
[Round "3"]
[White "Erdelyi, Michael"]
[Black "Kubica, Viktor"]
[Result "0-1"]
[WhiteElo "1879"]
[BlackElo "2099"]
[PlyCount "66"]
[EventDate "2009.08.22"]
[EventType "swiss"]
[EventRounds "9"]
[EventCountry "SVK"]
[SourceTitle "CBM 132 Extra"]
[Source "ChessBase"]
[SourceDate "2009.11.03"]
[SourceVersion "1"]
[SourceVersionDate "2009.11.03"]
[SourceQuality "1"]

1. d4 Nf6 2. Nf3 g6 3. Nc3 d6 4. e4 a6 5. Be2 b5 6. a3 Bb7 7. d5 Bg7 8. Bg5 0-0 9. Qd2 c6 10. Bxf6 Bxf6 11. 0-0-0 c5 12. h4 b4 13. axb4 cxb4 14. Na4 Qa5 15. b3 Nd7 16. Qe3 Rac8 17. Bd3 Nc5 18. Nxc5 Rxc5 19. Kd2 Rfc8 20. Ke2 Qb6 21. g4 a5 22. g5 Bg7 23. h5 Ba6 24. Ne1 Bxd3+ 25. Rxd3 Qb5 26. hxg6 hxg6 27. Kf1 Rc3 28. Qh3 R8c7 29. Kg2 Rxd3 30. Nxd3 Rxc2 31. Nf4 Qc5 32. Qh7+ Kf8 33. Qxg6 Qxf2+ 0-1

[Event "SVK-chT2B 0708"]
[Site "Slovakia"]
[Date "2007.11.04"]
[Round "4.4"]
[White "Hanko, Pavol"]
[Black "Kubica, Viktor"]
[Result "1-0"]
[WhiteElo "2160"]
[BlackElo "2119"]
[PlyCount "172"]
[EventDate "2007.10.06"]
[EventType "team-tourn"]
[EventRounds "11"]
[EventCountry "SVK"]
[SourceTitle "EXT 2010"]
[Source "ChessBase"]
[SourceDate "2010.11.25"]
[SourceVersion "1"]
[SourceVersionDate "2010.11.25"]
[SourceQuality "1"]
[WhiteTeam "Prievidza SK II"]
[BlackTeam "Nove Zamky Basta II"]
[WhiteTeamCountry "SVK"]
[BlackTeamCountry "SVK"]

1. d4 Nf6 2. Nf3 e6 3. c4 b6 4. g3 Ba6 5. b3 d5 6. Bg2 dxc4 7. Ne5 Bb4+ 8. Kf1 Bd6 9. Nxc4 Nd5 10. Bb2 Bb7 11. a3 f5 12. Nc3 Nxc3 13. Bxc3 Bxg2+ 14. Kxg2 Nd7 15. d5 e5 16. e4 Qg5 17. exf5 Qxf5 18. Ne3 Qe4+ 19. Qf3 Qxf3+ 20. Kxf3 0-0+ 21. Kg2 Nc5 22. Nc4 Nxb3 23. Rae1 Bc5 24. Re2 Bd4 25. Bb2 Rad8 26. Nxe5 Rxd5 27. Nc6 Rd6 28. Nxa7 Bxb2 29. Rxb2 Nd4 30. Re1 Ra8 31. Nb5 Nxb5 32. Rxb5 Rxa3 33. Re7 c5 34. Rb7 Ra6 35. Rb3 h6 36. Re3 Ra2 37. Re8+ Kh7 38. Ree7 Rad2 39. Rxg7+ Kh8 40. Rgc7 Kg8 41. Rc8+ Rd8 42. Rxd8+ Rxd8 43. Rxb6 Kg7 44. Rc6 Rd5 45. Kf3 Rf5+ 46. Ke3 Re5+ 47. Kf4 Re2 48. Kf3 Rc2 49. h4 c4 50. g4 c3 51. Ke3 Rc1 52. Kf4 c2 53. g5 Rh1 54. gxh6+ Kh7 55. Rxc2 Kxh6 56. Kg4 Rg1+ 57. Kf5 Rh1 58. Rc4 Rh2 59. f3 Ra2 60. Re4 Kh5 61. f4 Kxh4 62. Kf6 Kh5 63. f5 Ra6+ 64. Re6 Ra7 65. Rd6 Kh6 66. Ke6 Kg7 67. Ke5 Ra5+ 68. Kf4 Kf7 69. Kg5 Ra1 70. Rd7+ Ke8 71. Rb7 Ra6 72. Rg7 Kf8 73. Rg6 Ra1 74. Rb6 Kf7 75. Rb7+ Kf8 76. Kg6 Rf1 77. Kf6 Kg8 78. Rb8+ Kh7 79. Ke6 Re1+ 80. Kf7 Rf1 81. f6 Ra1 82. Kf8 Kg6 83. f7 Ra7 84. Rb6+ Kh7 85. Ke8 Ra8+ 86. Ke7 Ra2 1-0

[Event "SVK-chT2B 0607"]
[Site "Slovakia"]
[Date "2006.12.17"]
[Round "6.3"]
[White "Torotto, Antal"]
[Black "Kubica, Viktor"]
[Result "0-1"]
[WhiteElo "2130"]
[BlackElo "2056"]
[PlyCount "96"]
[EventDate "2006.10.14"]
[EventType "team-tourn"]
[EventRounds "11"]
[EventCountry "SVK"]
[SourceTitle "EXT 2008"]
[Source "ChessBase"]
[SourceDate "2007.11.25"]
[SourceVersion "1"]
[SourceVersionDate "2007.11.25"]
[SourceQuality "1"]
[WhiteTeam "Batorove Kosihy"]
[BlackTeam "Nove Zamky II"]
[WhiteTeamCountry "SVK"]
[BlackTeamCountry "SVK"]

1. e4 c5 2. Nf3 g6 3. c3 Bg7 4. d4 cxd4 5. cxd4 d5 6. e5 Bg4 7. h3 Bxf3 8. Qxf3 Nc6 9. Bb5 Rc8 10. 0-0 e6 11. Qa3 a6 12. Bxc6+ Rxc6 13. Nc3 Rc4 14. Be3 Qe7 15. Qb3 Qb4 16. Qxb4 Rxb4 17. b3 Rb6 18. Na4 Rc6 19. Rac1 Bf8 20. Rxc6 bxc6 21. Bg5 Kd7 22. f4 Kc7 23. g4 Bb4 24. f5 gxf5 25. gxf5 Ne7 26. Bxe7 Bxe7 27. fxe6 fxe6 28. Rf7 Kd8 29. Kh2 Rf8 30. Rxf8+ Bxf8 31. Kg3 a5 32. Kg4 Kc7 33. Kg5 Be7+ 34. Kh6 c5 35. dxc5 Kc6 36. Kg7 Bxc5 37. Kf7 d4 38. Kxe6 d3 39. Nc3 d2 40. Kf5 Bd4 41. Nd1 Kd5 42. Kf4 Bc5 43. Kf5 Kd4 44. Kf6 Kd3 45. e6 Kc2 46. Ne3+ Bxe3 47. e7 d1Q 48. e8Q Qd6+ 0-1